| 000 | 00896nam a2200289Ia 4500 | ||
|---|---|---|---|
| 003 | OSt | ||
| 005 | 20220928113703.0 | ||
| 006 | a|||||r|||| 00| 0 | ||
| 007 | ta | ||
| 008 | 220927b |||||||| |||| 00| 0 eng d | ||
| 020 | _cUSD 35.95 | ||
| 024 | _a141365 | ||
| 037 |
_b010, 06/12/2019, Classic Book Service _cTextual |
||
| 040 |
_aSDCL _cSDCL _beng |
||
| 041 |
_2eng _aeng |
||
| 082 | _aR3, Q9 | ||
| 100 |
_aFantl Jeremy Ed. _9434498 |
||
| 245 | 0 |
_aContemporary epistemology _b An anthology |
|
| 260 |
_aHoboken _bJohn wiley USA _c2019 |
||
| 300 |
_avii,303p. _ccm. |
||
| 490 | _aBlackwell philosophy anthologies; 41 | ||
| 650 | _aPhilosophy | ||
| 700 |
_a McGrath Matthew _9434499 |
||
| 700 |
_a Sosa Ernest _9434500 |
||
| 942 |
_hR3, Q9 _cTEXL _2CC |
||
| 999 |
_c750831 _d750831 |
||